000 00743nam a2200193 i 4500
001 181843
003 ES-MaACL
005 20230906221452.0
008 130418s1856 sp |||| | spa d
080 _a378.6(460.27 Aranjuez):631(060.13)
110 1 _aEspaña.
_bMinisterio de Fomento.
_93868
245 1 0 _aReal Decreto creando la Escuela Central de Agricultura y Reglamentos orgánicos de la misma.
260 _aMadrid :
_b[s.n.],
_c1856 (
_fImp. Nacional)
300 _a[1] h. de lám., 28 p. ;
_c31 cm.
530 _aDisponible en formato digital.
610 2 _aEscuela General de Agricultura.
_9153304
852 _aES-MaACL
_jT-52-F-9
856 4 _uhttp://bdh-rd.bne.es/viewer.vm?id=0000114536&page=1
_zBiblioteca Digital Hispánica
999 _c181843
_d181843